Scottish Government carbon management programme (Record no. 109634)

MARC details
000 -LEADER
fixed length control field 02211cad a22002415a 4500
001 - CONTROL NUMBER
control field E147582
008 - FIXED-LENGTH DATA ELEMENTS--GENERAL INFORMATION
fixed length control field 090527s2009 xxk f s000 0 eng d
020 ## - INTERNATIONAL STANDARD BOOK NUMBER
International Standard Book Number 9780755990177
035 ## - SYSTEM CONTROL NUMBER
System control number (Sirsi) u147582
041 0# - LANGUAGE CODE
Language code of text/sound track or separate title eng
050 04 - LIBRARY OF CONGRESS CALL NUMBER
Classification number 333.72 $2 18
110 2# - MAIN ENTRY--CORPORATE NAME
Corporate name or jurisdiction name as entry element Scotland
Subordinate unit Scottish Government
9 (RLIN) 5344
245 00 - TITLE STATEMENT
Title Scottish Government carbon management programme
Remainder of title carbon management plan (CMP)
Medium [electronic resource]
260 ## - PUBLICATION, DISTRIBUTION, ETC.
Place of publication, distribution, etc. Edinburgh
Name of publisher, distributor, etc. Scottish Government
Date of publication, distribution, etc. 2009
505 2# - FORMATTED CONTENTS NOTE
Formatted contents note Foreword from Sir John Elvidge -- Foreword from the Carbon Trust -- Executive summary -- Introduction -- Carbon management strategy: context and drivers for carbon management; our low carbon vision; strategic themes; targets and objectives -- Emissions baseline and projections: scope; baseline; projections and value at stake -- Carbon management projects: projects identified and quantified; projected achievement towards target -- Carbon management plan financing: assumptions -- Actions to embed carbon management in your organisation: corporate strategy, embedding CO2 saving across your organisation; data management, measuring the difference, measuring the benefit; policy alignment, saving CO2 across your operations; responsibility, being clear that CO2 is everyone's job -- Programme Management of the CM Programme: the programme board, strategic ownership and oversight; the carbon management team, delivering the projects; ongoing stakeholder management; annual progress review -- Appendix A: carbon management matrix, embedding -- Appendix B: definition of projects
520 ## - SUMMARY, ETC.
Summary, etc. Outlines the methods by which the Scottish Government will meet their target of an 80% reduction in emissions by 2050. Short term goals to meet this aim are a 30% reduction in CO2 emissions by 2020, for which a 15% reduction in overall emissions from energy use, business travel and waste production is required by 2014.
521 ## - TARGET AUDIENCE NOTE
Target audience note Advanced
590 ## - LOCAL NOTE (RLIN)
Local note KA
651 #4 - SUBJECT ADDED ENTRY--GEOGRAPHIC NAME
Geographic name Scotland
Chronological subdivision 1999-
690 ## - LOCAL SUBJECT ADDED ENTRY--TOPICAL TERM (OCLC, RLIN)
Topical term or geographic name as entry element ENVIRONMENTAL AND LAND CONSULTANCY-ENERGY-ENERGY USE-ENERGY EFFICIENCY
856 40 - ELECTRONIC LOCATION AND ACCESS
Uniform Resource Identifier <a href="https://www.scotland.gov.uk/Publications/2009/05/26125414/0">https://www.scotland.gov.uk/Publications/2009/05/26125414/0</a>
Public note View the report free of charge at www.scotland.gov.uk...
942 ## - ADDED ENTRY ELEMENTS (KOHA)
Suppress in OPAC 0
Holdings
Withdrawn status Lost status Source of classification or shelving scheme Damaged status Not for loan Home library Current library Shelving location Date acquired Total Checkouts Full call number Barcode Date last seen Copy number Price effective from Koha item type
    Dewey Decimal Classification     Virtual Virtual Online 27/05/2009   ONLINE PUBLICATION 147582-2001 06/08/2019 1 06/08/2019 Book